| 000 | 00473nam a2200181Ia 4500 | ||
|---|---|---|---|
| 008 | 240925s9999 xx 000 0 und d | ||
| 020 | _a8178085607 | ||
| 082 | _a621.3851 STA | ||
| 100 | _aStallings, William | ||
| 245 | 0 | _aWireless Communications and Networks | |
| 250 | _aNA | ||
| 260 |
_aSingapore: _bPearson education _c,2005. |
||
| 300 |
_axix,372p. _bNA _fNA |
||
| 500 | _aIncludes Index | ||
| 600 | _aElectronic Engineering | ||
| 650 | _aTechnology | ||
| 942 | _cBK | ||
| 999 |
_c8745 _d8745 |
||